| 000 | 00719nam a22001817a 4500 | ||
|---|---|---|---|
| 005 | 20251108165542.0 | ||
| 008 | 250721s1993 xx 000 0 ara d | ||
| 082 | 1 | 4 | _aم/415/اشم |
| 100 | 1 | _aالأشموني، نور الدين أبو الحسن علي بن ... | |
| 245 | 1 | 0 | _aشرح الأشموني لألفية إبن مالك المسمى منهج السالك إلى الفية إبن مالك / |
| 264 | 1 |
_aالقاهرة : _bالمكتبة الأزهرية للتراث، _c1993. |
|
| 300 | _aج | ||
| 650 | 1 | 7 | _aاللغة العربية |
| 650 | 1 | 7 | _aقواعد اللغة |
| 700 | 1 |
_aعبد الحميد، عبد الحميد السيد محمد _eتحقيق |
|
| 942 |
_2ddc _cREF |
||
| 999 |
_c30589 _d30589 |
||